000 01071 a2200349 4500
005 20250805144318.0
008 250805b |||||||| |||| 00| 0 eng d
041 _aFr
044 _aCIV
090 _bDG/N/3084
100 _aGADJI, Alahou Andre Gabaze
100 _aYEO, Gnenakan
100 _aOSSEY, Christian-Landry
100 _aCOULIBALY, Noupe Diakaria
110 _aCentre National de Recherche Agronomique
110 _bCote d'Ivoire
245 _aComment limiter les degats des nematodes a galles en cultures maraicheres par une bonne surveillance phytosanitaire ?
_b: Fiche Technique
260 _aAbidjan
260 _bCNRA
260 _c2025
302 _a3 p.
388 _a2025-08-05
650 _2AGROVOC
_gCulture maraichere
650 _gdegats
_2AGROVOC
650 _gComment
_2AGROVOC
650 _glimiter
_2AGROVOC
650 _gnematodes
_2AGROVOC
650 _ggalles
_2AGROVOC
650 _2surveillance
650 _gphytosanitaire
_2AGROVOC
856 _uhttps://ftech.byethost7.com/wp-content/uploads/2025/08/DGN3084.pdf
999 _c5955
_d5955